header

Selling teaching hospitals and practice plans (Record no. 216329)

MARC details
000 -LEADER
fixed length control field 02134nam a22003974a 4500
082 04 - DEWEY DECIMAL CLASSIFICATION NUMBER
Classification number 362.1109753
100 1# - MAIN ENTRY--AUTHOR NAME
Personal name Kastor, John A.
245 10 - TITLE STATEMENT
Title Selling teaching hospitals and practice plans
260 ## - PUBLICATION, DISTRIBUTION, ETC. (IMPRINT)
Place of publication Baltimore :
Name of publisher Johns Hopkins University Press,
Year of publication 2008.
300 ## - PHYSICAL DESCRIPTION
Number of Pages x, 262 p., [5] p. of plates :
Other physical details ill.
505 0# - FORMATTED CONTENTS NOTE
Formatted contents note Washington and its academic medical centers -- George Washington University : selling the hospital -- George Washington University : separating the practice plan -- George Washington University : closing the HMO -- George Washington University and its medical school -- Georgetown University : selling the hospital -- Georgetown University : selling the practice plan -- Georgetown University and its medical school -- MedStar Health.
650 #0 - SUBJECT ADDED ENTRY--TOPICAL TERM
Topical Term Teaching hospitals
Topical Term Teaching hospitals
Topical Term Academic medical centers
Topical Term Hospitals
856 40 - ELECTRONIC LOCATION AND ACCESS
Uniform Resource Identifier http://site.ebrary.com/lib/rucke/Doc?id=10363226

No items available.

© 2026 Rongo University
Contact us: librarian | system librarian | Rongo university